Tribhuvan University Central Library

Thin-layer chromatography (Record no. 86963)

MARC details
000 -LEADER
fixed length control field 00396nam a22001577a 4500
008 - FIXED-LENGTH DATA ELEMENTS--GENERAL INFORMATION
fixed length control field 191127b xxu||||| |||| 00| 0 eng d
082 ## - DEWEY DECIMAL CLASSIFICATION NUMBER
Classification number 547.358/R158t
100 ## - MAIN ENTRY--PERSONAL NAME
Personal name Randerath, Kurt
245 ## - TITLE STATEMENT
Title Thin-layer chromatography
250 ## - EDITION STATEMENT
Edition statement 2nd ed.
260 ## - PUBLICATION, DISTRIBUTION, ETC. (IMPRINT)
Place of publication, distribution, etc New York,
Name of publisher, distributor, etc Academic Press,
Date of publication, distribution, etc 1968.
300 ## - PHYSICAL DESCRIPTION
Other physical details xiii,285p.
650 ## - SUBJECT ADDED ENTRY--TOPICAL TERM
Topical term or geographic name as entry element Science
650 ## - SUBJECT ADDED ENTRY--TOPICAL TERM
Topical term or geographic name as entry element Organic chemestry
942 ## - ADDED ENTRY ELEMENTS (KOHA)
Source of classification or shelving scheme Dewey Decimal Classification
Koha item type General Collections
Holdings
Withdrawn status Lost status Source of classification or shelving scheme Damaged status Not for loan Home library Current library Date acquired Total Checkouts Full call number Barcode Date last seen Date checked out Price effective from Koha item type
    Dewey Decimal Classification     Tribhuvan University Central Library Tribhuvan University Central Library 11/27/2019 2 547.358/R158t 48460 03/13/2020 12/02/2019 11/27/2019 General Collections